| 000 | 00917nam a2200229Ia 4500 | ||
|---|---|---|---|
| 001 | 631 | ||
| 003 | GE_BSU | ||
| 008 | 181216s||||||||xx |||||||||||||| ||und|| | ||
| 020 | _a989941125614 | ||
| 040 | _cGE_BSU | ||
| 080 | _a339.13(479.22)+330.35(479.22) | ||
| 100 | _aკაკულია, ემზარ | ||
| 245 | _aსაინოვაციო საქმიანობის მართვის სრულყოფის ძირითადი მიმართულებები | ||
| 245 | _b(მონოგრაფია) | ||
| 260 | _aთბილისი | ||
| 260 | _bუნივერსალი | ||
| 260 | _c2009 | ||
| 300 | _a147 გვ. | ||
| 541 | _h5 ლ. | ||
| 653 | _aსაინოვაციო საქმიანობის მართვის სრულყოფის ძირითადი მიმართულებები | ||
| 942 | _cBK | ||
| 999 |
_c34820 _d34820 |
||